000 00614nam a2200193Ia 4500
003 OSt
005 20250715101924.0
008 210210b1995 xxu||||| |||| 00| 0 eng d
040 _cAL
041 _aKannada
082 _aK894.308 SADS
100 _aSADASHIVA (G S).
_dಸದಾಶಿವ (ಜಿ ಎಸ್)
_9218749
245 _aShibirada dariyalli: anuvadita kathegalu.
_b ಶಿಬಿರದ ದಾರಿಯಲ್ಲಿ: ಅನುಭವದ ಕಥೆಗಳು.
260 _aBengaluru
_bAnkura Prakashana
_c1995
300 _a104
690 _aKannada Fiction
_9218750
906 _a051818
942 _2ddc
_cBK
999 _c100027
_d100027